000 01413nam a22002417a 4500
003 NALT
005 20231115090014.0
008 s2556 th tha d
020 _a9746455532
040 _aNALT
041 _atha
050 _aJF 51
_bส747ป 2556
110 2 _aมหาวิทยาลัยสุโขทัยธรรมาธิราช.
_bสาขาวิชารัฐศาสตร์
_914782
245 1 0 _aประมวลสาระชุดวิชา การเมืองการปกครองเปรียบเทียบ หน่วยที่ 11-15 /
_cสาขาวิชารัฐศาสตร์ มหาวิทยาลัยสุโขทัยธรรมาธิราช.
250 _aพิมพ์ครั้งที่ 4.
260 _aนนทบุรี :
_bสำนักพิมพ์มหาวิทยาลัยสุโขทัยธรรมาธิราช,
_c2556.
300 _a295 หน้า :
_bภาพประกอบ, ตาราง ;
_c26 ซม.
650 4 _aการเมืองเปรียบเทียบ
_930586
_xการศึกษาและการสอน
650 4 _aการปกครองเปรียบเทียบ
_926006
650 4 _aการเมืองเปรียบเทียบ
_930561
850 _aNALT
942 _cGB
_2lcc
999 _c71759
_d71759
998 _j104
_k นางสาวสายฝน ดีงาม